000 00638nam a2200229Ia 4500
003 OSt
005 20220926012014.0
006 a|||||r|||| 00| 0
007 ta
008 220923b |||||||| |||| 00| 0 eng d
037 _cGeneral Book
040 _aRTL
_cRTL
_beng
041 _2eng
_aeng
082 _aY33, L1
100 _aAnderson Nels
245 0 _aIndustrial urban community
_b Historical and compara
260 _aNew York
_bAppleton-Century-Crofts
_c1971
300 _axii,438p
_ccm.
650 _aUrban Sociology
_934088
942 _hY33, L1
_cGB
_2CC
999 _c621494
_d621494